[Event "GER-chT U20 Girls"]
[Site "Magdeburg"]
[Date "2023.12.29"]
[Round "6.1"]
[White "Garbuz, Nicole"]
[Black "Hopp, Celina"]
[Result "1-0"]
[WhiteElo "1847"]
[BlackElo "1583"]
[PlyCount "43"]
[EventDate "2023.12.26"]
[EventType "team-swiss"]
[EventRounds "7"]
[EventCountry "GER"]
[SourceTitle "CB03_2024"]
[SourceDate "2024.01.17"]
[SourceVersion "1"]
[SourceVersionDate "2024.01.17"]
[SourceQuality "1"]
[WhiteTeam "Nordhorn Blanke"]
[BlackTeam "Lichtenberg Borussia"]
[WhiteTeamCountry "GER"]
[BlackTeamCountry "GER"]

1. e4 e5 2. Nf3 Nc6 3. Bc4 Bc5 4. c3 Nf6 5. d3 0-0 6. 0-0 d5 7. exd5 Nxd5 8. h3 h6 9. Re1 Qd6 10. b4 Ndxb4 11. cxb4 Bxb4 12. Bd2 Bxd2 13. Nbxd2 Bf5 14. Ne4 Qe7 15. Ng3 Qf6 16. Rb1 Rab8 17. Nxf5 Qxf5 18. Bd5 Rfd8 19. Bxc6 bxc6 20. Rxb8 Rxb8 21. Nxe5 c5 22. Nc6 1-0

[Event "GER-chT U20 Girls"]
[Site "Magdeburg"]
[Date "2023.12.28"]
[Round "4.2"]
[White "Garbuz, Nicole"]
[Black "Werner, Rosalie"]
[Result "0-1"]
[WhiteElo "1847"]
[BlackElo "1771"]
[PlyCount "134"]
[EventDate "2023.12.26"]
[EventType "team-swiss"]
[EventRounds "7"]
[EventCountry "GER"]
[SourceTitle "CB03_2024"]
[SourceDate "2024.01.17"]
[SourceVersion "1"]
[SourceVersionDate "2024.01.17"]
[SourceQuality "1"]
[WhiteTeam "Nordhorn Blanke"]
[BlackTeam "Offenbach"]
[WhiteTeamCountry "GER"]
[BlackTeamCountry "GER"]

1. e4 e6 2. d4 d5 3. Nd2 Nf6 4. e5 Nfd7 5. f4 c5 6. c3 Be7 7. Ndf3 a6 8. g3 b5 9. a3 Nc6 10. Kf2 b4 11. h4 bxc3 12. bxc3 cxd4 13. cxd4 Nb6 14. Bd3 Bd7 15. h5 Na5 16. Bc2 Nac4 17. g4 Rc8 18. g5 Qc7 19. Ne1 Na5 20. Ngf3 Qc6 21. Bd2 Nac4 22. Bc1 Na4 23. Bxa4 Qxa4 24. Qxa4 Bxa4 25. Nd2 Na5 26. Bb2 0-0 27. Rc1 Rxc1 28. Bxc1 Rc8 29. Bb2 Rb8 30. Bc1 Nb3 31. Nxb3 Rxb3 32. Nc2 Rb1 33. Nb4 a5 34. Nd3 Bxa3 35. Kg2 Bxc1 36. Rxc1 Rxc1 37. Nxc1 Kf8 38. Kf2 Ke7 39. h6 gxh6 40. gxh6 Bc2 41. Ke3 a4 42. Kd2 Bb1 43. Kc3 f5 44. Kb4 Bc2 45. Kc3 Bd1 46. Nd3 Kf7 47. Nc5 a3 48. Nd7 Kg6 49. Nf8+ Kxh6 50. Nxe6 Kg6 51. Nf8+ Kg7 52. Ne6+ Kg8 53. Ng5 h6 54. Nh3 Kf7 55. Nf2 a2 56. Kb2 Bb3 57. Nh3 Bc4 58. Nf2 h5 59. Nh3 h4 60. Ng5+ Ke7 61. Nf3 h3 62. Nh2 Kf7 63. Ka1 Kg6 64. Kb2 Kh5 65. Ka1 Kh4 66. e6 Kg3 67. e7 Bb5 0-1

[Event "GER-chT U20"]
[Site "Muenster"]
[Date "2022.12.29"]
[Round "5"]
[White "Garbuz, Nicole"]
[Black "John, Niklas"]
[Result "1-0"]
[WhiteElo "1796"]
[BlackElo "1680"]
[PlyCount "97"]
[EventDate "2022.12.26"]
[EventType "team-swiss"]
[EventRounds "7"]
[EventCountry "GER"]
[SourceTitle "CBM 212 Extra"]
[Source "ChessBase"]
[SourceDate "2023.03.31"]
[SourceVersion "1"]
[SourceVersionDate "2023.03.31"]
[SourceQuality "1"]
[WhiteTeam "Brackel"]
[BlackTeam "Muenster"]
[WhiteTeamCountry "GER"]
[BlackTeamCountry "GER"]

1. e4 c5 2. d4 cxd4 3. c3 d5 4. exd5 Qxd5 5. cxd4 Nf6 6. Nf3 Bf5 7. Nc3 Qd8 8. Bc4 e6 9. 0-0 Be7 10. Bf4 Nd5 11. Bxd5 exd5 12. Qb3 b6 13. Nb5 0-0 14. Nc7 Nc6 15. Nxa8 Qxa8 16. Qxd5 Be6 17. Qb5 Rd8 18. Be3 Bd5 19. Qe2 Bf6 20. Rfd1 Ne7 21. Ne5 Nf5 22. Qg4 Nh4 23. f3 Be6 24. Qg3 Nf5 25. Qf2 h5 26. b3 h4 27. Ng4 Be7 28. h3 Ba3 29. Ne5 Qd5 30. Rab1 Rc8 31. Nc4 Be7 32. Rbc1 b5 33. Ne5 Rd8 34. Nc6 Rd7 35. Nxe7+ Rxe7 36. Rc5 Qd7 37. Bg5 f6 38. Bf4 Qd8 39. d5 Rd7 40. Qd2 Qb6 41. Qf2 Qb7 42. d6 g5 43. Qe2 Kf7 44. Bh2 a6 45. Qe4 Qa7 46. b4 a5 47. a3 axb4 48. axb4 Qb8 49. Rxf5 1-0

[Event "GER-chT U20"]
[Site "Muenster"]
[Date "2022.12.27"]
[Round "1"]
[White "Garbuz, Nicole"]
[Black "Beyer, Clemens"]
[Result "0-1"]
[WhiteElo "1796"]
[BlackElo "1768"]
[PlyCount "46"]
[EventDate "2022.12.26"]
[EventType "team-swiss"]
[EventRounds "7"]
[EventCountry "GER"]
[SourceTitle "CBM 212 Extra"]
[Source "ChessBase"]
[SourceDate "2023.03.31"]
[SourceVersion "1"]
[SourceVersionDate "2023.03.31"]
[SourceQuality "1"]
[WhiteTeam "Brackel"]
[BlackTeam "Barnim Schachfreunde"]
[WhiteTeamCountry "GER"]
[BlackTeamCountry "GER"]

1. e4 c6 2. d4 d5 3. exd5 cxd5 4. Bd3 Nc6 5. c3 Nf6 6. h3 e5 7. dxe5 Nxe5 8. Qe2 Qe7 9. Bb5+ Nc6 10. Be3 Be6 11. Nf3 Qc7 12. Nd4 Bd6 13. Nxe6 fxe6 14. Nd2 0-0 15. 0-0 Rad8 16. Rad1 e5 17. Nf3 Kh8 18. Bg5 e4 19. Nd4 Nxd4 20. Rxd4 Bc5 21. Rd2 Qe5 22. Bh4 g5 23. Bg3 Qxg3 0-1

[Event "GER-ch Youth-A"]
[Site "Willingen"]
[Date "2022.06.11"]
[Round "9"]
[White "Kamp, Aaron"]
[Black "Garbuz, Nicole"]
[Result "1-0"]
[WhiteElo "1790"]
[BlackElo "1824"]
[PlyCount "119"]
[EventDate "2022.06.04"]
[EventType "swiss"]
[EventRounds "9"]
[EventCountry "GER"]
[SourceTitle "CBM 208 Extra"]
[Source "ChessBase"]
[SourceDate "2022.07.31"]
[SourceVersion "1"]
[SourceVersionDate "2022.07.31"]
[SourceQuality "1"]

1. e4 e5 2. d4 exd4 3. Qxd4 Nc6 4. Qe3 Nf6 5. Bd2 d6 6. Nc3 a6 7. 0-0-0 Bd7 8. h3 Qe7 9. g4 h6 10. f4 0-0-0 11. g5 hxg5 12. fxg5 Nh5 13. Nd5 Qe8 14. Ne2 Kb8 15. Nec3 Be6 16. Be2 Bxd5 17. Nxd5 Ne7 18. Ba5 Nxd5 19. Rxd5 Qc6 20. Rhd1 g6 21. Rc5 dxc5 22. Rxd8+ Ka7 23. Bxh5 gxh5 24. Rc8 b6 25. Bc3 Qd7 26. Rxc7+ Qxc7 27. Bxh8 h4 28. Qf2 Bd6 29. e5 Bxe5 30. Bxe5 Qxe5 31. Qxf7+ Kb8 32. Qg8+ Kc7 33. Qh7+ Kb8 34. Qxh4 Qe3+ 35. Kd1 Qg1+ 36. Kd2 Qg2+ 37. Kd3 Qd5+ 38. Ke3 Qe5+ 39. Kf3 Qxb2 40. Qf4+ Kc8 41. Qc4 Kb7 42. Kg4 Qc1 43. h4 Qg1+ 44. Kf5 b5 45. Qe4+ Kb6 46. Kf6 Qa1+ 47. Kf7 Qf1+ 48. Kg7 Qa1+ 49. Kh7 Qd1 50. Kh6 Qd8 51. g6 Qh8+ 52. Kg5 Qd8+ 53. Kf5 Qf8+ 54. Kg4 Ka5 55. Qf5 Qe7 56. h5 Qe2+ 57. Kg5 Qd2+ 58. Kf6 Qd8+ 59. Kf7 Qc7+ 60. Kg8 1-0

[Event "GER-ch Youth-A"]
[Site "Willingen"]
[Date "2022.06.09"]
[Round "7"]
[White "Paeslack, Luis"]
[Black "Garbuz, Nicole"]
[Result "1-0"]
[WhiteElo "1889"]
[BlackElo "1824"]
[PlyCount "83"]
[EventDate "2022.06.04"]
[EventType "swiss"]
[EventRounds "9"]
[EventCountry "GER"]
[SourceTitle "CBM 208 Extra"]
[Source "ChessBase"]
[SourceDate "2022.07.31"]
[SourceVersion "1"]
[SourceVersionDate "2022.07.31"]
[SourceQuality "1"]

1. d4 d5 2. c4 e6 3. Nc3 Nf6 4. cxd5 exd5 5. Bg5 Be7 6. e3 c6 7. Bd3 Nbd7 8. Qc2 0-0 9. Nf3 Re8 10. 0-0 Nf8 11. h3 Be6 12. Rab1 a5 13. a3 N6d7 14. Bxe7 Qxe7 15. b4 axb4 16. axb4 b5 17. Ne2 Rec8 18. Rfc1 Nb6 19. Qc5 Qb7 20. Ne5 Nc4 21. Nf4 f6 22. Nxc4 bxc4 23. Bc2 Qb5 24. Nxe6 Nxe6 25. Qd6 Nf8 26. Bf5 Rd8 27. Qe7 Re8 28. Qd6 Red8 29. Qc7 Rdb8 30. Ra1 Rxa1 31. Rxa1 Qb7 32. Qd6 Ra8 33. Rc1 Rb8 34. Rb1 Ra8 35. e4 Rb8 36. exd5 cxd5 37. b5 Ra8 38. b6 Re8 39. Ra1 Rb8 40. Ra7 Qxb6 41. Qxd5+ Kh8 42. Qf7 1-0

[Event "GER-ch Youth-A"]
[Site "Willingen"]
[Date "2022.06.05"]
[Round "2"]
[White "Garbuz, Nicole"]
[Black "Gerlach, Felix Tobias"]
[Result "0-1"]
[WhiteElo "1824"]
[BlackElo "2072"]
[PlyCount "34"]
[EventDate "2022.06.04"]
[EventType "swiss"]
[EventRounds "9"]
[EventCountry "GER"]
[SourceTitle "CBM 208 Extra"]
[Source "ChessBase"]
[SourceDate "2022.07.31"]
[SourceVersion "1"]
[SourceVersionDate "2022.07.31"]
[SourceQuality "1"]

1. e4 e5 2. Nf3 Nc6 3. Bc4 Bc5 4. c3 Nf6 5. d3 d6 6. Bb3 a6 7. Nbd2 h6 8. 0-0 Ba7 9. h3 g5 10. Nc4 g4 11. hxg4 Bxg4 12. Ne3 Bh5 13. Nf5 Rh7 14. Bxh6 Kd7 15. Re1 Qh8 16. Qd2 Bxf3 17. gxf3 Ng8 0-1

[Event "GER-ch U18 Girls"]
[Site "Willingen"]
[Date "2021.08.28"]
[Round "8"]
[White "Garbuz, Nicole"]
[Black "Peglau, Sarah"]
[Result "1-0"]
[WhiteElo "1695"]
[BlackElo "1888"]
[PlyCount "68"]
[EventDate "2021.08.22"]
[EventType "swiss"]
[EventRounds "9"]
[EventCountry "GER"]
[SourceTitle "EXT 2022"]
[Source "ChessBase"]
[SourceDate "2021.10.06"]
[SourceVersion "1"]
[SourceVersionDate "2021.10.06"]
[SourceQuality "1"]

1. e4 c5 2. d4 cxd4 3. c3 dxc3 4. Nxc3 Nc6 5. Nf3 e6 6. Bc4 a6 7. 0-0 b5 8. Bb3 Bb7 9. Qe2 Na5 10. Rd1 Ne7 11. Ne5 Nxb3 12. axb3 Bc6 13. Qh5 g6 14. Qf3 f5 15. Nxc6 Nxc6 16. exf5 exf5 17. Re1+ Kf7 18. g4 Qf6 19. Qd5+ Kg7 20. Qxd7+ Kg8 21. Qd5+ Kg7 22. Re6 Qh4 23. Qxc6 Qxg4+ 24. Qg2 Bb4 25. Qxg4 fxg4 26. Rexa6 Rae8 27. Be3 Rhf8 28. Ra7+ Kg8 29. Bh6 Rf3 30. Rg7+ Kh8 31. Raa7 Bf8 32. Rxh7+ Kg8 33. Bxf8 Re1+ 34. Kg2 Rb1 1-0

[Event "GER-ch U18 Girls"]
[Site "Willingen"]
[Date "2021.08.24"]
[Round "3"]
[White "Muedder, Melanie"]
[Black "Garbuz, Nicole"]
[Result "1-0"]
[WhiteElo "1959"]
[BlackElo "1695"]
[PlyCount "63"]
[EventDate "2021.08.22"]
[EventType "swiss"]
[EventRounds "9"]
[EventCountry "GER"]
[SourceTitle "EXT 2022"]
[Source "ChessBase"]
[SourceDate "2021.10.06"]
[SourceVersion "1"]
[SourceVersionDate "2021.10.06"]
[SourceQuality "1"]

1. e4 e5 2. Nf3 Nc6 3. Bc4 Nf6 4. Ng5 d5 5. exd5 Na5 6. Bb5+ Bd7 7. Qe2 Be7 8. Nf3 0-0 9. Bxd7 Qxd7 10. Nxe5 Qxd5 11. 0-0 Bd6 12. Nf3 Rfe8 13. Qd1 Rad8 14. d3 Qh5 15. Nc3 c5 16. h3 h6 17. Be3 g5 18. Nd2 Qg6 19. Qf3 g4 20. hxg4 Nxg4 21. Bf4 Qh5 22. Nce4 Bxf4 23. Qxf4 f5 24. f3 fxe4 25. fxg4 Qg6 26. Nxe4 Rf8 27. Nf6+ Kh8 28. Qf5 Qg7 29. Qe6 Nc6 30. Nh5 Qd4+ 31. Kh1 Rxf1+ 32. Rxf1 1-0

[Event "GER-ch U18 Girls"]
[Site "Willingen"]
[Date "2021.08.23"]
[Round "2"]
[White "Garbuz, Nicole"]
[Black "Peglau, Dora"]
[Result "1-0"]
[WhiteElo "1695"]
[BlackElo "1906"]
[PlyCount "49"]
[EventDate "2021.08.22"]
[EventType "swiss"]
[EventRounds "9"]
[EventCountry "GER"]
[SourceTitle "EXT 2022"]
[Source "ChessBase"]
[SourceDate "2021.10.06"]
[SourceVersion "1"]
[SourceVersionDate "2021.10.06"]
[SourceQuality "1"]

1. e4 c6 2. d4 d5 3. exd5 cxd5 4. c4 Nf6 5. Nc3 g6 6. Qb3 Bg7 7. cxd5 0-0 8. Be2 Nbd7 9. Bf3 Nb6 10. Nge2 Bg4 11. Bxg4 Nxg4 12. 0-0 Qd7 13. Bf4 Nf6 14. d6 exd6 15. Nb5 d5 16. Rac1 Nc4 17. Nc7 Rac8 18. Qxb7 Rb8 19. Qxa7 Rxb2 20. Nc3 Rfb8 21. Qc5 Bf8 22. N7xd5 Nxd5 23. Nxd5 Qf5 24. Qxc4 Rd8 25. Be5 1-0

[Event "GER-ch U18 Girls"]
[Site "Willingen"]
[Date "2020.10.23"]
[Round "6"]
[White "Garbuz, Nicole"]
[Black "Peglau, Sarah"]
[Result "0-1"]
[WhiteElo "1719"]
[BlackElo "1699"]
[PlyCount "108"]
[EventDate "2020.10.19"]
[EventType "swiss"]
[EventRounds "7"]
[EventCountry "GER"]
[SourceTitle "EXT 2022"]
[Source "ChessBase"]
[SourceDate "2021.10.06"]
[SourceVersion "1"]
[SourceVersionDate "2021.10.06"]
[SourceQuality "1"]

1. e4 e6 2. d4 d5 3. Nd2 dxe4 4. Nxe4 Bd7 5. Nf3 Bc6 6. Bd3 Nd7 7. 0-0 Ngf6 8. Qe2 Nxe4 9. Bxe4 Bxe4 10. Qxe4 c6 11. c3 Bd6 12. Re1 0-0 13. Bg5 Qc7 14. Qg4 Rfe8 15. Bh6 Bf8 16. Bf4 Bd6 17. Ne5 Nxe5 18. dxe5 Bc5 19. Bh6 Bf8 20. Re3 Rad8 21. Re2 Rd5 22. Bg5 Be7 23. Bf4 Red8 24. Ree1 Qd7 25. h3 Kh8 26. Qg3 Rd3 27. Qg4 Qd5 28. Be3 c5 29. Bf4 Rd7 30. Qe2 Bd8 31. Qe4 Bc7 32. Qxd5 R7xd5 33. Re2 h6 34. Rae1 Kh7 35. Kh2 Kg6 36. Bg3 Kf5 37. Re4 g5 38. Ra4 a6 39. h4 Bxe5 40. Bxe5 Rxe5 41. Rxe5+ Kxe5 42. hxg5 hxg5 43. Ra3 f5 44. Rb3 b5 45. Ra3 Rd2 46. Rxa6 Rxf2 47. b3 g4 48. Rc6 Kf4 49. Rxe6 g3+ 50. Kg1 Rxa2 51. Re1 Rb2 52. Rf1+ Kg4 53. b4 cxb4 54. cxb4 Rxb4 0-1

[Event "Dortmund Sparkassen op-B 47th"]
[Site "Dortmund"]
[Date "2019.07.20"]
[Round "8"]
[White "Garbuz, Nicole"]
[Black "Gritzan, Ulrich"]
[Result "1-0"]
[WhiteElo "1635"]
[BlackElo "1810"]
[PlyCount "63"]
[EventDate "2019.07.13"]
[EventType "swiss"]
[EventRounds "9"]
[EventCountry "GER"]
[SourceTitle "CBM 192 Extra"]
[Source "Chessbase"]
[SourceDate "2019.11.06"]
[SourceVersion "1"]
[SourceVersionDate "2019.11.06"]
[SourceQuality "1"]

1. e4 c5 2. d4 cxd4 3. c3 d3 4. c4 Nc6 5. Bxd3 Nf6 6. Nf3 g6 7. Nc3 Bg7 8. 0-0 0-0 9. h3 d6 10. Qe2 Nd7 11. Rd1 b6 12. Bf4 Bb7 13. Rac1 Rc8 14. Bb1 Re8 15. b3 Nc5 16. e5 Qd7 17. exd6 Bxc3 18. Rxc3 exd6 19. Re3 Rxe3 20. Qxe3 Re8 21. Qc3 Ne6 22. Bg3 Qe7 23. Rxd6 Nc5 24. Rd1 Rd8 25. Re1 Qf8 26. Bh4 Rd7 27. Bf6 Nd8 28. Ne5 Rc7 29. Ng4 Nde6 30. Be5 Nd7 31. Bxc7 Nxc7 32. Rd1 1-0

[Event "Dortmund Sparkassen op-B 47th"]
[Site "Dortmund"]
[Date "2019.07.15"]
[Round "3"]
[White "Garbuz, Nicole"]
[Black "Wiese, Thomas"]
[Result "1-0"]
[WhiteElo "1635"]
[BlackElo "1857"]
[PlyCount "43"]
[EventDate "2019.07.13"]
[EventType "swiss"]
[EventRounds "9"]
[EventCountry "GER"]
[SourceTitle "CBM 192 Extra"]
[Source "Chessbase"]
[SourceDate "2019.11.06"]
[SourceVersion "1"]
[SourceVersionDate "2019.11.06"]
[SourceQuality "1"]

1. e4 e5 2. Nf3 Nf6 3. Nc3 Nc6 4. Bc4 Bc5 5. 0-0 d6 6. h3 Na5 7. Bb3 Nxb3 8. axb3 a6 9. d3 0-0 10. Bg5 h6 11. Bh4 c6 12. d4 exd4 13. Nxd4 Qe7 14. Re1 Qe5 15. Nf3 Qh5 16. e5 g5 17. exf6 gxh4 18. Re5 Bxf2+ 19. Kxf2 Qg6 20. Nxh4 Qg7 21. Re3 Kh8 22. Rg3 1-0

[Event "Dortmund Sparkassen op-B 47th"]
[Site "Dortmund"]
[Date "2019.07.13"]
[Round "1"]
[White "Garbuz, Nicole"]
[Black "Kaspar, Uwe"]
[Result "0-1"]
[WhiteElo "1635"]
[BlackElo "1848"]
[PlyCount "90"]
[EventDate "2019.07.13"]
[EventType "swiss"]
[EventRounds "9"]
[EventCountry "GER"]
[SourceTitle "CBM 192 Extra"]
[Source "Chessbase"]
[SourceDate "2019.11.06"]
[SourceVersion "1"]
[SourceVersionDate "2019.11.06"]
[SourceQuality "1"]

1. e4 e6 2. d4 b6 3. Nd2 Bb7 4. Ngf3 c5 5. c3 cxd4 6. cxd4 Nf6 7. Bd3 d5 8. e5 Ne4 9. 0-0 Be7 10. Re1 Ng5 11. Nxg5 Bxg5 12. Nf3 Be7 13. Bd2 0-0 14. Qc2 g6 15. Bh6 Re8 16. Bb5 Qc8 17. Qb3 Bc6 18. Rac1 Qb7 19. Ng5 a6 20. Bf1 Nd7 21. Qf3 Bxg5 22. Bxg5 Bb5 23. Bh6 Bxf1 24. Kxf1 Rac8 25. h4 Rxc1 26. Rxc1 Rc8 27. Rc3 b5 28. Rc5 b4 29. Rc1 Qb5+ 30. Qe2 Rxc1+ 31. Bxc1 Qc4 32. Qxc4 dxc4 33. Bd2 a5 34. Ke2 Nb6 35. Kd1 Kf8 36. Kc2 Ke8 37. a3 Nd5 38. axb4 axb4 39. g3 Kd7 40. Be1 Kc6 41. Bd2 Kb5 42. Bh6 Ne7 43. g4 Nc6 44. Be3 Na5 45. Bd2 Nb3 0-1

[Event "GER-ch U25-B"]
[Site "Willingen"]
[Date "2019.06.11"]
[Round "4"]
[White "Rohde, Ragnar"]
[Black "Garbuz, Nicole"]
[Result "1/2-1/2"]
[WhiteElo "1501"]
[BlackElo "1650"]
[PlyCount "49"]
[EventDate "2019.06.08"]
[EventType "swiss"]
[EventRounds "9"]
[EventCountry "GER"]
[SourceTitle "CBM 191 Extra"]
[Source "ChessBase"]
[SourceDate "2019.09.30"]
[SourceVersion "1"]
[SourceVersionDate "2019.09.30"]
[SourceQuality "1"]

1. e4 e5 2. Nf3 Nc6 3. d4 exd4 4. Bc4 Nf6 5. 0-0 Nxe4 6. Re1 d5 7. Bxd5 Qxd5 8. Nc3 Qh5 9. Nxe4 Be6 10. Neg5 0-0-0 11. Nxe6 fxe6 12. Rxe6 Qg4 13. Qe2 h6 14. Bd2 Bd6 15. Re1 Rhf8 16. h3 Qh5 17. Qd3 Qf7 18. Qg6 Bc5 19. Qg4 Kb8 20. a3 Bb6 21. Qg3 d3 22. c3 Na5 23. Re7 Qa2 24. Qxg7 Rg8 25. Qh7 1/2-1/2

[Event "GER-ch U25-B"]
[Site "Willingen"]
[Date "2018.05.24"]
[Round "7"]
[White "Raasch, Hauke"]
[Black "Garbuz, Nicole"]
[Result "1/2-1/2"]
[WhiteElo "1525"]
[BlackElo "1687"]
[PlyCount "84"]
[EventDate "2018.05.19"]
[EventType "swiss"]
[EventRounds "9"]
[EventCountry "GER"]
[SourceTitle "CBM 184 Extra"]
[Source "ChessBase"]
[SourceDate "2018.06.28"]
[SourceVersion "1"]
[SourceVersionDate "2018.06.28"]
[SourceQuality "1"]

1. d4 d5 2. Nc3 Nf6 3. Bf4 c5 4. e3 cxd4 5. exd4 a6 6. a3 e6 7. Nf3 Bd6 8. Bxd6 Qxd6 9. Bd3 0-0 10. 0-0 Nc6 11. h3 Re8 12. Re1 e5 13. dxe5 Nxe5 14. Nxe5 Rxe5 15. Rxe5 Qxe5 16. Qe1 Qg5 17. Kh1 Be6 18. Rd1 Qh4 19. f3 Qg5 20. Qd2 Qh4 21. Qe1 Qf4 22. Qd2 Nh5 23. Qxf4 Nxf4 24. Ne2 Nxe2 25. Bxe2 Rc8 26. c3 g6 27. Kg1 Rc6 28. Kf2 Rb6 29. Rd2 Kg7 30. Ke3 f5 31. f4 Kf6 32. Bf3 h5 33. h4 Bf7 34. Kd3 Be6 35. Kc2 Rb5 36. Rd4 a5 37. b4 axb4 38. axb4 Ke7 39. Kb3 Kf6 40. Ka4 Bd7 41. Kb3 Be6 42. Be2 Rb6 1/2-1/2

[Event "GER-ch U25-B"]
[Site "Willingen"]
[Date "2018.05.22"]
[Round "4"]
[White "Garbuz, Nicole"]
[Black "Mainka, Irmin"]
[Result "0-1"]
[WhiteElo "1687"]
[BlackElo "1412"]
[PlyCount "106"]
[EventDate "2018.05.19"]
[EventType "swiss"]
[EventRounds "9"]
[EventCountry "GER"]
[SourceTitle "CBM 184 Extra"]
[Source "ChessBase"]
[SourceDate "2018.06.28"]
[SourceVersion "1"]
[SourceVersionDate "2018.06.28"]
[SourceQuality "1"]

1. f4 d5 2. b3 Nc6 3. Bb2 e6 4. e3 Nf6 5. Bb5 Bd7 6. Bxc6 Bxc6 7. Nf3 Bd6 8. 0-0 0-0 9. Ne5 Bb5 10. Rf3 Ne4 11. d3 f6 12. Ng4 f5 13. Nh6+ gxh6 14. dxe4 Be8 15. Rg3+ Bg6 16. Qd4 Qe7 17. exf5 exf5 18. Qxd5+ Rf7 19. Qd4 Rff8 20. Nc3 Bc5 21. Qc4+ Rf7 22. Nd5 Qe6 23. Be5 Qc6 24. Nf6+ Kf8 25. Rd1 b5 26. Qd5 Qxd5 27. Rxd5 Be7 28. Nxh7+ Bxh7 29. Rh3 Rd8 30. Rxb5 Bd6 31. Rxh6 Bxe5 32. Rxe5 Rd1+ 33. Kf2 Rd2+ 34. Kf3 Rxc2 35. Rd5 Rxa2 36. Rd8+ Kg7 37. Rh5 Rb2 38. Rg5+ Kf6 39. Rb8 c5 40. Rc8 Rxb3 41. Rc6+ Ke7 42. Rxc5 Kd6 43. Re5 Ra3 44. h4 a5 45. h5 a4 46. h6 Ra1 47. Rg7 Rxg7 48. hxg7 a3 49. Ra5 a2 50. Kf2 Ke7 51. Ra7+ Kf6 52. Ra8 Kxg7 53. Ra7+ Kh8 0-1

[Event "GER-ch U25-B"]
[Site "Willingen"]
[Date "2018.05.20"]
[Round "1"]
[White "Garbuz, Nicole"]
[Black "Hoevert, Kai"]
[Result "1/2-1/2"]
[WhiteElo "1687"]
[BlackElo "1471"]
[PlyCount "89"]
[EventDate "2018.05.19"]
[EventType "swiss"]
[EventRounds "9"]
[EventCountry "GER"]
[SourceTitle "CBM 184 Extra"]
[Source "ChessBase"]
[SourceDate "2018.06.28"]
[SourceVersion "1"]
[SourceVersionDate "2018.06.28"]
[SourceQuality "1"]

1. e4 c5 2. d4 cxd4 3. c3 d3 4. Bxd3 g6 5. c4 Bg7 6. Nc3 Nc6 7. Nf3 d6 8. h3 h6 9. Be3 Nf6 10. a3 Nd7 11. 0-0 0-0 12. Qd2 Kh7 13. b4 b6 14. Rab1 Bb7 15. c5 dxc5 16. bxc5 Nce5 17. Be2 Nxc5 18. Qxd8 Nxf3+ 19. gxf3 Rfxd8 20. Bxc5 bxc5 21. Rxb7 Bxc3 22. Rxe7 Kg7 23. Bc4 Rf8 24. Rb1 Bf6 25. Rc7 Bd8 26. Rxc5 Bb6 27. Rc6 Rac8 28. Bd5 Rxc6 29. Bxc6 Rc8 30. Rc1 Bd4 31. Rc4 Bb6 32. Kg2 Kf6 33. f4 g5 34. e5+ Ke7 35. f5 f6 36. e6 Kd6 37. Bb5 Rc5 38. Rd4+ Ke7 39. Rd7+ Ke8 40. Rxa7+ Rxb5 41. Rb7 Rb2 42. Rb8+ Ke7 43. Rb7+ Ke8 44. Rb8+ Ke7 45. Rb7+ 1/2-1/2

[Event "GER-chT U14 Girls"]
[Site "Neumuenster"]
[Date "2017.12.30"]
[Round "7.1"]
[White "Garbuz, Nicole"]
[Black "Doll, Rebecca"]
[Result "1/2-1/2"]
[WhiteElo "1679"]
[BlackElo "1515"]
[PlyCount "131"]
[EventDate "2017.12.26"]
[EventType "team-swiss"]
[EventRounds "7"]
[EventCountry "GER"]
[SourceTitle "CBM 182 Extra"]
[Source "ChessBase"]
[SourceDate "2018.02.23"]
[SourceVersion "1"]
[SourceVersionDate "2018.02.23"]
[SourceQuality "1"]
[WhiteTeam "Brackel"]
[BlackTeam "Karlsruhe SF"]
[WhiteTeamCountry "GER"]
[BlackTeamCountry "GER"]

1. Nf3 d5 2. g3 Nf6 3. Bg2 e6 4. 0-0 Bd6 5. d3 0-0 6. Nbd2 Re8 7. Qe1 c6 8. e4 e5 9. Nb3 Nbd7 10. Qe2 Nf8 11. Re1 Ng6 12. Bg5 h6 13. Bxf6 Qxf6 14. Nfd2 Bd7 15. exd5 e4 16. Nxe4 Qxb2 17. Qd2 Qe5 18. Nxd6 Qxd6 19. Rxe8+ Rxe8 20. dxc6 bxc6 21. Re1 Rb8 22. Qa5 Qb4 23. Qxb4 Rxb4 24. Nc5 Bf5 25. Bxc6 Rb2 26. Bd7 Bxd7 27. Nxd7 Rxc2 28. a4 Rc7 29. Re8+ Kh7 30. Rd8 Rc3 31. Kg2 Ra3 32. Nc5 Rc3 33. d4 Ne5 34. Nd7 Nxd7 35. Rxd7 Kg6 36. Rxa7 Rd3 37. Rd7 Ra3 38. Rd6+ Kf5 39. Ra6 Rd3 40. Ra5+ Ke6 41. d5+ Ke5 42. Kf1 Ra3 43. Ra7 g6 44. d6 Kxd6 45. Rxf7 Ke6 46. Ra7 Ra2 47. a5 Kf6 48. a6 g5 49. Ra8 Kg7 50. h3 h5 51. g4 h4 52. Ra7+ Kg8 53. Kg2 Ra3 54. Rc7 Rxa6 55. Rc5 Rg6 56. Rf5 Kg7 57. f4 gxf4 58. Rxf4 Ra6 59. Rf3 Ra2+ 60. Kf1 Kg6 61. Ke1 Rh2 62. Kf1 Ra2 63. Rf2 Ra3 64. Kg2 Rb3 65. Rf3 Rb2+ 66. Kg1 1/2-1/2

[Event "GER-ch U14 Girls"]
[Site "Willingen"]
[Date "2017.06.10"]
[Round "9"]
[White "Garbuz, Nicole"]
[Black "Berelowitsch, Dana"]
[Result "1/2-1/2"]
[WhiteElo "1687"]
[BlackElo "1693"]
[PlyCount "43"]
[EventDate "2017.06.04"]
[EventType "swiss"]
[EventRounds "9"]
[EventCountry "GER"]
[SourceTitle "CBM 178 Extra"]
[Source "ChessBase"]
[SourceDate "2017.06.22"]
[SourceVersion "1"]
[SourceVersionDate "2017.06.22"]
[SourceQuality "1"]

1. f4 d5 2. b3 c5 3. Bb2 Nc6 4. e3 Nf6 5. Bb5 Bf5 6. Bxc6+ bxc6 7. Nf3 e6 8. 0-0 Be7 9. Ne5 Qb6 10. g4 Bg6 11. Rf3 0-0-0 12. Rh3 h5 13. Nxg6 fxg6 14. g5 Ng4 15. Rg3 Qc7 16. h3 Bxg5 17. hxg4 Bh4 18. Be5 Qf7 19. Rh3 hxg4 20. Qxg4 g5 21. Nc3 Rh7 22. Rf1 1/2-1/2

[Event "GER-ch U14 Girls"]
[Site "Willingen"]
[Date "2017.06.08"]
[Round "7"]
[White "Garbuz, Nicole"]
[Black "Pavlov, Liliane"]
[Result "1-0"]
[WhiteElo "1687"]
[BlackElo "1478"]
[PlyCount "77"]
[EventDate "2017.06.04"]
[EventType "swiss"]
[EventRounds "9"]
[EventCountry "GER"]
[SourceTitle "CBM 178 Extra"]
[Source "ChessBase"]
[SourceDate "2017.06.22"]
[SourceVersion "1"]
[SourceVersionDate "2017.06.22"]
[SourceQuality "1"]

1. Nf3 d5 2. g3 Nc6 3. Bg2 Nf6 4. 0-0 Bf5 5. d3 Qd7 6. Nbd2 Bh3 7. e4 Bxg2 8. Kxg2 e5 9. Re1 0-0-0 10. Qe2 Bc5 11. Nb3 Bb6 12. Be3 dxe4 13. dxe4 Rhe8 14. Bxb6 axb6 15. a4 Nd4 16. Nbxd4 exd4 17. Qd3 Qg4 18. e5 Nh5 19. Re4 Qe6 20. Rh4 g6 21. a5 bxa5 22. Rxa5 c6 23. Qa3 Kc7 24. Ra7 Rb8 25. Qa5+ Kc8 26. Rxd4 Ng7 27. Rd6 Qc4 28. Nd4 Ne6 29. Rxc6+ bxc6 30. Nxe6 Rb7 31. Ra8+ Kd7 32. Nc5+ Ke7 33. Rxe8+ Kxe8 34. Qa8+ Ke7 35. Qxb7+ Kf8 36. Qxc6 Kg8 37. e6 fxe6 38. Qxe6+ Qxe6 39. Nxe6 1-0